[Event "GER-ch U10"]
[Site "Willingen"]
[Date "2020.10.30"]
[Round "5"]
[White "Klasen, Ennio Rodriguez"]
[Black "Conrad, Marius"]
[Result "1-0"]
[WhiteElo "1297"]
[BlackElo "1645"]
[PlyCount "149"]
[EventDate "2020.10.26"]
[EventType "swiss"]
[EventRounds "7"]
[EventCountry "GER"]
[SourceTitle "CBM 199 Extra"]
[Source "ChessBase"]
[SourceDate "2021.01.31"]
[SourceVersion "1"]
[SourceVersionDate "2021.01.31"]
[SourceQuality "1"]

1. e4 c5 2. f4 d5 3. e5 Nc6 4. Nf3 e6 5. d3 Nge7 6. c3 Nf5 7. d4 cxd4 8. Bd3 Ne3 9. Qe2 Nc4 10. Bxc4 dxc4 11. Qxc4 dxc3 12. Nxc3 Be7 13. Be3 0-0 14. 0-0 Qc7 15. Rfd1 b6 16. Rac1 Bb7 17. Nb5 Qc8 18. Nd6 Bxd6 19. Rxd6 Na5 20. Qb5 Qb8 21. Nd4 Rc8 22. Qf1 Rxc1 23. Qxc1 Bd5 24. b3 h6 25. Rd7 Qe8 26. Qc7 Rc8 27. Qxa7 Nc6 28. Nxc6 Bxc6 29. Rc7 Rxc7 30. Qxc7 Bd5 31. Qxb6 Qc8 32. Bc5 Qa8 33. Qa7 Qd8 34. Be7 Qc8 35. Qe3 Qc2 36. Qf2 Qd1+ 37. Qf1 Qd4+ 38. Kh1 Qb2 39. b4 Qxa2 40. Bc5 Qb2 41. h3 Bc6 42. Kh2 Kh7 43. Qf2 Qb3 44. Qg3 Qb1 45. Qf2 Qe4 46. Qf1 Qd5 47. Qf3 Qd7 48. Qe2 Qd5 49. Qc2+ Qe4 50. Qxe4+ Bxe4 51. b5 Kg6 52. g4 h5 53. b6 hxg4 54. hxg4 Kh6 55. Kg3 g5 56. fxg5+ Kxg5 57. Be7+ Kg6 58. Bf6 Bb7 59. Kf4 Bd5 60. Ke3 Kh7 61. Kd4 Kg8 62. Kc5 Kf8 63. Kd6 Ke8 64. Kc7 Be4 65. b7 Bxb7 66. Kxb7 Kf8 67. Kc6 Kg8 68. Kd7 Kh7 69. Ke7 Kg6 70. g5 Kh7 71. Kf8 Kg6 72. Kg8 Kh5 73. Kxf7 Kg4 74. g6 Kh5 75. g7 1-0